000 00371nam a2200145Ia 4500
008 230917s9999||||xx |||||||||||||| ||und||
040 _e35911
_aMAIN
041 _aEnglish
082 _a658.15 K952C
100 _aKuchhal, S C
245 0 _aCorporation finance: Principles and problems
260 _aAllahabad
_bChaitanya
_c1976
300 _axvi, 518 p.
942 _cBK
999 _c168798
_d168798